Эвфемизмы в официальных российских СМИ - Statistics

General Stats
  • This quiz has been taken 15 times
  • The average score is 5 of 15
Answer Stats
Эвфемизм Расшифровка % Correct
Хлопок Взрыв
93%
СВО / спецоперация Война
79%
Задымление Пожар
71%
Подтопление / паводок Наводнение
64%
Задвухсотился Погиб
57%
Нацисты / бандеровцы Силы обороны Украины
36%
Киевский режим Правительство Украины
36%
Жёсткая посадка Авиакатастрофа
29%
Дискредитация ВС РФ Неудобная правда о войне
29%
Параллельный импорт Воровство
7%
Цифровой суверенитет Цензура в Интернете
7%
Обнуление Расстрел
7%
Фейки об армии Реалии фронта
7%
Новая элита Амнистированные по участию в войне заключённые
7%
Иностранный агент Спикер альтернативного мнения
7%
No matching quizzes found
Score Distribution
Percent of People with Each Score
Percentile by Number Answered
Your Score History
You have not taken this quiz